| 000 | 00661nam a2200181 a 4500 | ||
|---|---|---|---|
| 001 | 000038312 | ||
| 005 | 20201002031225.0 | ||
| 008 | 130408s1997 dr a 000 0 spa d | ||
| 040 |
_aDO-SdBNP _bspa _cBNPHU |
||
| 100 | 1 |
_aUribe, Alejandro _945253 |
|
| 245 | 1 | 0 |
_aAcoso sexual, medicina y otros casos / _cAlejandro Uribe. |
| 260 |
_aSanto Domingo : _bUASD , _c1997. |
||
| 300 |
_a136 p. : ; _c21 cm. |
||
| 490 | 1 |
_aPublicaciones de la Universidad Autónoma de Santo Domingo _v818 |
|
| 490 | 1 |
_aColección salud y sociedad _v24 |
|
| 830 | 0 |
_aPublicaciones de la Universidad Autónoma de Santo Domingo _n818 _955083 |
|
| 830 | 0 |
_aColección salud y sociedad _n24 _964673 |
|
| 999 |
_c37802 _d37802 |
||